000 00572nam a2200181Ia 4500
003 OSt
005 20200923100129.0
008 190216s9999||||xx |||||||||||||| ||und||
020 _a9798125003037
040 _coclc
082 _a581.634
_bVAR/I
100 _aVarier, Vaidyaratnam P S
_94833
245 0 _aIndian Medicinal Plants :
_bA Compendium Of 500 Species /
_cVaidyaratnam P S Varier
260 _bOrient Longman,
_c1994.
_aNew Delhi:
300 _a420p
650 _aMedicinal Plants
942 _cREF
_2ddc
_h581.634
_iVAR/I
_k581.634
_mVAR/I
999 _c36550
_d36550